Categorical Anagrams: Television Quiz Stats

 Plays Quiz Updated Sep 9, 2019

Score 0/30 Timer 07:00
1 Play Today
% Correct
HOB
84.3%
JAR
84.2%
SIC
83.3%
SEWN
81.8%
WHEREAT
80.6%
STROPS
77.8%
MINOS
76.3%
CHURL
72%
SHAM
71.8%
PENS
65.3%
LADRONE
60.6%
YAM
59.8%
ESCHER
57.7%
NIGHT
53.8%
NIGHT
50.4%
% Correct
BLUEISH
50.1%
FINDERS
49.7%
FREEST
48.6%
ACHES
46.8%
EVENTS
45%
SERAPH
44.9%
MORE
44.4%
NIELLO
33.4%
ERRAND
32.2%
CLEATS
24.8%
POSNER
23.5%
TAXERS
21%
HURTLE
19.2%
MEXICAN
18.4%
SINECURE
18.1%

You're not logged in!

Compare scores with friends on all Sporcle quizzes.
OR
Log In

Sporcle TV

Today on Sporcle TV


Watch our educational content, quiz creation guides, and fun videos on Sporcle TV.

Show Comments

Extras

Top Quizzes Today


Score Distribution

Your Account Isn't Verified!

In order to create a playlist on Sporcle, you need to verify the email address you used during registration. Go to your Sporcle Settings to finish the process.

Report this User

Report this user for behavior that violates our Community Guidelines.

Details: